Normal view
MARC view
- عواد ، محسن محارب
Entry Personal Name
001 - CONTROL NUMBER
- control field: 8952
003 - CONTROL NUMBER IDENTIFIER
- control field: JO-AjAnu
005 - DATE AND TIME OF LATEST TRANSACTION
- control field: 20230606071736.0
008 - FIXED-LENGTH DATA ELEMENTS
- fixed length control field: 230606|| aca||aabn | a|a d
040 ## - CATALOGING SOURCE
- Original cataloging agency: JO-AjAnu
- Transcribing agency: JO-AjAnu
100 ## - HEADING--PERSONAL NAME
- Personal name: عواد ، محسن محارب
670 ## - SOURCE DATA FOUND
- Source citation: Work cat.: (JO-AjAnu)4618: عواد ، محسن محارب , author, مدخل الى الجغرافية الزراعية